Estatísticas para Cultura Geral

Clique aqui para jogar o quiz

Estatísticas Gerais

  • Esse quiz foi jogado 12 vezes
  • A pontuação média é 6 de 15

Estatísticas das Respostas

HintResposta% Correto
Que peça de joalheria ou bijuteria que serve para adornar o pescoço?Colar
82%
Qual é o décimo segundo e último mês do ano pelo calendário gregoriano e que tem 31 dias?Dezembro
82%
Que nome damos ao aumento geral nos preços de bens e serviços em uma economia?Inflação
82%
Que nome damos ao tempo que já passou?Passado
82%
Que nome damos ao momento em que um novo ano civil começa e um novo calendário anual é iniciado?Ano-novo
73%
Que fruto dá o limoeiro?Limão
73%
Que nome damos a um produto cerâmico, avermelhado, geralmente em forma de paralelepípedo e amplamente usado na construção civil, artesanal ou industrial?Tijolo
55%
Que nome damos a um intervalo de tempo que se inicia após o presente e não tem um fim definido?Futuro
45%
Que nome damos a um pequeno fixador utilizado para manter duas partes de uma peça de roupa juntas?Botão
27%
Que nome damos á arte de produção de joias que envolve todos os aparatos ornamentais?Joalheria
18%
Que nome damos a uma ordem dada por alguma autoridade superior?Decreto
9%
Que estação vem antes do Inverno?Outuno
9%
Que nome damos a um sólido amorfo que exibe uma transição vítrea quando aquecido até o estado líquido?Vidro
9%
Churchkhela é típico de que país?Geórgia
0%
Que nome damos a um ponto de entrada a um espaço fechado por um edifício, parede ou cerca?Portão
0%

Distribuição das Pontuações

Percentil de Números Respondidos

Porcentagem de Pessoas com Cada Pontuação

Sua Pontuação Histórica

Você não jogou esse quiz